000 00494nam a2200193Ia 4500
008 170918s9999 xx 000 0 und d
020 _a9789810704605
050 _bR988ba [2012]
100 _aWallace, Karen
245 _aBad rat! /
245 _cby Karen Wallace ; illustrated by Rachael O'Neill.
260 _aNew York :
260 _bScholastic,
260 _c[2012]
300 _a24 pages :
300 _billustrations ;
300 _c20cm.
300 _eI love reading phonics.
999 _c344094
_d344094